000 00598nam a2200205Ia 4500
005 20250923145847.0
008 008 250917s9999 xx 000 0 eng d
037 _aTextual
040 _aDSWL
_beng
_cDSWL
041 _aeng
_2eng
084 _aX:231xN23, N92
_qDSWL
245 0 _aPros and cons of advertising & Dunkels proposals
_c by S.N. Chaturvedi
260 _aNew Delhi
_b Consumer & Forum (Regd.)
_c1992
300 _a32p.
365 _aINR
_b35.00
700 _a A. Pandit
_9839674
925 _g35.00
942 _cTEXL
_hX:231xN23, N92
999 _c1456602
_d1456602